000 02375nam a2200337Ia 4500
999 _c55013
_d55013
001 22084
003 GE_BSU
005 20221020172653.0
008 181216s ||||ge |||||||||||||| ||geo||
020 _a9789941437977
040 _cGE_BSU
041 _ageo
080 _a808.5 კ-44
100 _aკვინტილიანუსი, მარკუს ფაბიუს
_915398
245 _aმჭერმეტყველების სწავლება : თავი მეათე = Institutio oratoria. Liber decimus /
_cმარკუს ფაბიუს ; ლათინურიდან თარგმნა ნინო ჩიხლაძემ ; რედაქტორი იამზე გაგუა.
264 _aთბილისი :
_bპროგრამა ”ლოგოსი”,
_c2016.
300 _a150 გვ. ;
_c20 სმ.
490 _aპროგრამა "ლოგოსი" : პუბლიკაციები და ღონისძიებები კლასიკური ფილოლოგიის, ბიზანტინისტიკისა და ნეოგრეცისტიკის სფეროში
501 _aშენიშვნები გვ. : 136-144
505 _aსახელთა საძიებელი : გვ. 145-149
541 _h5ლ.80თ.
546 _aპარალელური თავფურცელი, ტექსტი ქართული და ლათინური ენებზე
653 _aმჭერმეტყველება
653 _aმჭერმეტყველების სწავლება
653 _aInstitutio oratoria
653 _aLiber decimus
700 _aჩიხლაძე, ნინო
_eლათინურიდან თარგმნა
_915399
700 _aგაგუა, იამზე
_eრედაქტორი
_915400
710 _aივანე ჯავახიშვილის სახელობის თბილისის სახელმწიფო უნივერსიტეტი
_bკლასიკური ფილოლოგიის, ბიზანტინისტიკისა და ნეოგრეცისტიკის ინსტიტუტი
_913867
942 _cBK
_2udc